000 02021nam a2200301 i 4500
001 768714001
003 CO-MdFUSB
005 20220328114617.0
007 ta
008 220121t2019 ag |||| |||| 00| 0 spa d
020 _a9789878614045
040 _aCO-MdFUSB
_bspa
_cCO-MdFUSB
_dCO-MdFUSBC
_erda
041 _aspa
082 _223
_a251
_bW419
100 _aWeigandt, Wilfredo,
_eautor
245 1 _aPredicación narrativa :
_bexposiciones bíblicas de textos discursivos, poéticos y narrativos.
_c/ Wilfredo Weigandt
264 0 _aCórdoba, Argentina :
_b[Editorial no identificada],
_c2019
300 _a199 páginas
_c; 21 cm
336 _2rdacontent
_atexto
_btxt
337 _2rdamedia
_asin mediación
_bn
338 _2rdacarrier
_avolumen
_bnc
505 _aEl arte de creer en el camino... para ver. -- Trascender la melodía de la sumisión. -- Desde un racimo. -- Una metáfora actual. -- Nuevos Kyrios, nuevos Oikos. -- Si el profeta nos hablara. -- El extraño caso del luchador transformado. -- Las bondades del fracaso. -- Como está lejos el oriente del occidente. -- Un llamado desde la incandescencia. -- Cielo de Jonia. -- Trascender el liderazgo meramente humano. -- Nunca te olvides del defensor. -- Notas que afirman los senderos de la fe. -- Trascender la cultura dominante. -- Contrastes esclarecedores. -- Sueños de fértil pradera. -- El valor de la perseverancia. -- Trascender el poder inmanente. -- Un equipo que resuelve los conflictos.
520 _aComparto en este libro veinte exposiciones bíblicas en formato narrativo que he predicado frente a auditorios muy diversos. Habitan en ellas tanto historias de inhumanidad como ejemplos de vida abundante, aromas de mi infancia y realidades de vida que aun hoy no puedo digerir, semblanzas del doliente mundo que habitamos y anhelos de Reino de Dios, lugares donde me he conectado con lo más bello de la vida y desafíos que me superan.
563 _aRústico
650 0 _954
_aPredicación
942 _cBK
945 _aJTF-925
999 _c67116
_d67116